000 00819nam a2200241Ia 4500
003 OSt
005 20220923225311.0
006 a|||||r|||| 00| 0
007 ta
008 220922b |||||||| |||| 00| 0 hin d
024 _a262,261
037 _cTextual
040 _aARTS
_cARTS
_bhin
041 _2hin
_ahin
082 _aO152,1MRAx, 31N6
100 _aएन महालिंगम, संपा.
_9157180
245 0 _aरामलिंग स्वामी वल्लार की ज्योति साधना
246 _aRāmalianga swāmī vallār kī jyoti sādhanā
260 _c1996
650 _aहिन्दी साहित्य
_9156264
942 _hO152,1MRAx, 31N6
_cTEXL
_2CC
999 _c377355
_d377355